000
00333 a2200157 4500
001
180682
020
_a
040
_c
Magnum
100
_a
Porto, Cristina
240
1
0
_a
O dicionario de serafina
_l
por
245
1
0
_a
O dicionario de serafina
362
0
_a
1899
440
1
_a
Ática
697
_a
MAGNITO: IJ/GERAL
942
_c
BK
999
_c
180682
_d
180682